[Event "RUS-ch Men Rapid 2019"]
[Site "Sochi"]
[Date "2019.10.15"]
[Round "5.28"]
[White "Ozgibcev, Anatoly"]
[Black "Moiseenko, Vadim"]
[Result "0-1"]
[WhiteElo "2367"]
[BlackElo "2595"]
[Annotator "ChessBase"]
[PlyCount "134"]
[EventDate "2019.10.15"]
[EventType "swiss"]
[EventCountry "RUS"]
[SourceTitle "playchess.com"]
[Source "ChessBase"]
[SourceQuality "1"]
[TimeControl "900+10"]

1. e4 {[%emt 0:00:00]} e5 {[%emt 0:00:00]} 2. Nf3 {[%emt 0:00:00]} Nc6 {[%emt 0:00:00]} 3. Bc4 {[%emt 0:00:00]} Nf6 {[%emt 0:00:00]} 4. d4 {[%emt 0:00:04]} exd4 {[%emt 0:00:00]} 5. O-O {[%emt 0:00:11]} Bc5 {[%emt 0:00:21]} 6. c3 {[%emt 0:00:32]} Nxe4 {[%emt 0:00:57]} 7. cxd4 {[%emt 0:00:07]} d5 {[%emt 0:00:00]} 8. dxc5 {[%emt 0:00:08]} dxc4 {[%emt 0:00:02]} 9. Qe2 {[%emt 0:00:08]} Qd3 {[%emt 0:00:01]} 10. Re1 {[%emt 0:00:32]} f5 {[%emt 0:01:06]} 11. Nc3 {[%emt 0:00:14]} O-O {[%emt 0:00:02]} 12. Nxe4 {[%emt 0:00:09]} fxe4 {[%emt 0:00:08]} 13. Qxe4 {[%emt 0:00:16]} Bf5 {[%emt 0:00:04]} 14. Qxd3 {[%emt 0:00:02]} cxd3 {[%emt 0:00:14]} 15. Bd2 {[%emt 0:00:17]} Rad8 {[%emt 0:00:07]} 16. b4 {[%emt 0:03:37]} Rd5 {[%emt 0:00:28]} 17. Rac1 {[%emt 0:00:50]} Bg4 {[%emt 0:00:20]} 18. b5 {[%emt 0:00:11]} Nd8 {[%emt 0:00:01]} 19. Ne5 {[%emt 0:00:23]} Be2 {[%emt 0:00:02]} 20. Nc4 {[%emt 0:00:57]} Rxc5 {[%emt 0:00:16]} 21. Na5 {[%emt 0:02:38]} Rxb5 {[%emt 0:00:56]} 22. Rxc7 {[%emt 0:00:11]} Ne6 {[%emt 0:00:51]} 23. Rxb7 {[%emt 0:00:39]} Rxb7 {[%emt 0:00:07]} 24. Nxb7 {[%emt 0:00:02]} Rb8 {[%emt 0:00:07]} 25. Na5 {[%emt 0:01:09]} Rb2 {[%emt 0:00:31]} 26. Nb3 {[%emt 0:01:50]} Rxa2 {[%emt 0:00:12]} 27. Rb1 {[%emt 0:01:37]} h6 {[%emt 0:00:06]} 28. f3 {[%emt 0:00:07]} a5 {[%emt 0:02:02]} 29. Bxa5 {[%emt 0:00:38]} Rxa5 {[%emt 0:00:03]} 30. Nxa5 {[%emt 0:00:05]} d2 {[%emt 0:00:01]} 31. Kf2 {[%emt 0:00:14]} d1=Q {[%emt 0:00:03]} 32. Rxd1 {[%emt 0:00:01]} Bxd1 {[%emt 0:00:01]} 33. Nc4 {[%emt 0:00:05]} Bb3 {[%emt 0:00:11]} 34. Nd2 {[%emt 0:00:10]} Bd5 {[%emt 0:00:02]} 35. Nb1 {[%emt 0:00:01]} Kf7 {[%emt 0:00:01]} 36. Nc3 {[%emt 0:00:01]} Bc6 {[%emt 0:00:01]} 37. Ke3 {[%emt 0:00:04]} Kf6 {[%emt 0:00:01]} 38. Ne2 {[%emt 0:00:03]} Ke5 {[%emt 0:00:01]} 39. Nc1 {[%emt 0:00:01]} Nf4 {[%emt 0:00:07]} 40. g3 {[%emt 0:00:09]} Nd5+ {[%emt 0:00:07]} 41. Kd2 {[%emt 0:00:11]} Ne7 {[%emt 0:00:13]} 42. Nd3+ {[%emt 0:00:23]} Kd4 {[%emt 0:00:03]} 43. Nf4 {[%emt 0:00:01]} Ke5 {[%emt 0:00:39]} 44. Nd3+ {[%emt 0:00:15]} Kf6 {[%emt 0:00:01]} 45. Ke3 {[%emt 0:00:37]} Nf5+ {[%emt 0:00:08]} 46. Kf2 {[%emt 0:00:01]} Nd4 {[%emt 0:00:02]} 47. f4 {[%emt 0:00:11]} Kf5 {[%emt 0:00:50]} 48. Ke3 {[%emt 0:00:12]} Nc2+ {[%emt 0:00:12]} 49. Kd2 {[%emt 0:00:02]} Na3 {[%emt 0:00:02]} 50. Ne5 {[%emt 0:00:08]} Bd5 {[%emt 0:00:02]} 51. Ke2 {[%emt 0:00:18]} Nc4 {[%emt 0:00:09]} 52. Nd3 {[%emt 0:00:05]} Nd6 {[%emt 0:00:41]} 53. Ke3 {[%emt 0:00:27]} Ne4 {[%emt 0:00:24]} 54. Ne5 {[%emt 0:00:19]} Nf6 {[%emt 0:00:10]} 55. h3 {[%emt 0:00:14]} h5 {[%emt 0:00:38]} 56. Nd3 {[%emt 0:01:06]} Ne4 {[%emt 0:00:16]} 57. g4+ {[%emt 0:00:47]} hxg4 {[%emt 0:00:02]} 58. hxg4+ {[%emt 0:00:02]} Kxg4 {[%emt 0:00:00]} 59. Ne5+ {[%emt 0:00:16]} Kf5 {[%emt 0:00:02]} 60. Nf3 {[%emt 0:00:03]} Nf6 {[%emt 0:00:10]} 61. Nh4+ {[%emt 0:00:18]} Ke6 {[%emt 0:00:12]} 62. Kd4 {[%emt 0:00:22]} Bb7 {[%emt 0:00:08]} 63. Ke3 {[%emt 0:00:20]} Nd5+ {[%emt 0:00:09]} 64. Ke4 {[%emt 0:00:11]} Kf6 {[%emt 0:00:03]} 65. Kf3 {[%emt 0:00:07]} Ne7+ {[%emt 0:00:21]} 66. Kg4 {[%emt 0:00:06]} Ng6 {[%emt 0:00:03]} 67. Nf5 {[%emt 0:00:18]} Bf3+ {[%emt 0:00:07]} 0-1

[Event "RUS-ch Men Rapid 2019"]
[Site "Sochi"]
[Date "2019.10.15"]
[Round "5.29"]
[White "Yeritsyan, Aram"]
[Black "Nozdrachev, Vladislav"]
[Result "0-1"]
[WhiteElo "2271"]
[BlackElo "2560"]
[Annotator "ChessBase"]
[PlyCount "84"]
[EventDate "2019.10.15"]
[EventType "swiss"]
[EventCountry "RUS"]
[SourceTitle "playchess.com"]
[Source "ChessBase"]
[SourceQuality "1"]
[TimeControl "900+10"]

1. e4 {[%emt 0:00:00]} e5 {[%emt 0:00:00]} 2. Bc4 {[%emt 0:00:00]} Nf6 {[%emt 0:00:00]} 3. d3 {[%emt 0:00:00]} Nc6 {[%emt 0:00:00]} 4. Nc3 {[%emt 0:00:00]} Na5 {[%emt 0:00:00]} 5. Qf3 {[%emt 0:00:00]} Bb4 {[%emt 0:00:20]} 6. Nge2 {[%emt 0:00:04]} O-O {[%emt 0:00:08]} 7. Bg5 {[%emt 0:01:22]} Be7 {[%emt 0:00:55]} 8. h3 {[%emt 0:00:19]} d6 {[%emt 0:00:15]} 9. O-O {[%emt 0:00:32]} c6 {[%emt 0:00:21]} 10. a4 {[%emt 0:00:23]} Nxc4 {[%emt 0:00:02]} 11. dxc4 {[%emt 0:00:02]} Be6 {[%emt 0:00:02]} 12. b3 {[%emt 0:00:44]} Nd7 {[%emt 0:00:06]} 13. Bxe7 {[%emt 0:00:27]} Qxe7 {[%emt 0:00:01]} 14. Ng3 {[%emt 0:00:02]} g6 {[%emt 0:00:05]} 15. Qe3 {[%emt 0:00:29]} h5 {[%emt 0:01:08]} 16. Rad1 {[%emt 0:02:21]} Rfd8 {[%emt 0:02:01]} 17. Rd2 {[%emt 0:02:26]} h4 {[%emt 0:01:33]} 18. Nge2 {[%emt 0:00:03]} g5 {[%emt 0:00:01]} 19. Rfd1 {[%emt 0:01:40]} Nf8 {[%emt 0:00:04]} 20. c5 {[%emt 0:00:55]} dxc5 {[%emt 0:00:04]} 21. Rxd8 {[%emt 0:00:04]} Rxd8 {[%emt 0:00:01]} 22. Rxd8 {[%emt 0:00:02]} Qxd8 {[%emt 0:00:01]} 23. Qxc5 {[%emt 0:00:00]} Ng6 {[%emt 0:01:03]} 24. Qe3 {[%emt 0:03:28]} a5 {[%emt 0:00:24]} 25. f3 {[%emt 0:00:39]} b6 {[%emt 0:01:41]} 26. Kf1 {[%emt 0:00:23]} Kg7 {[%emt 0:00:06]} 27. Ke1 {[%emt 0:00:03]} f6 {[%emt 0:00:23]} 28. Qd2 {[%emt 0:00:14]} Qe7 {[%emt 0:00:07]} 29. Nd1 {[%emt 0:00:12]} Qc5 {[%emt 0:01:44]} 30. Qc3 {[%emt 0:00:06]} Qxc3+ {[%emt 0:00:14]} 31. Ndxc3 {[%emt 0:00:18]} Kf7 {[%emt 0:00:04]} 32. Kd2 {[%emt 0:00:01]} Ke7 {[%emt 0:00:01]} 33. Nd1 {[%emt 0:00:09]} Kd6 {[%emt 0:00:17]} 34. Ne3 {[%emt 0:00:03]} b5 {[%emt 0:00:06]} 35. Ng4 {[%emt 0:01:08]} Bxg4 {[%emt 0:00:20]} 36. hxg4 {[%emt 0:00:01]} bxa4 {[%emt 0:00:01]} 37. bxa4 {[%emt 0:00:01]} Kc5 {[%emt 0:00:01]} 38. Kc3 {[%emt 0:00:01]} Nf4 {[%emt 0:00:01]} 39. Nxf4 {[%emt 0:01:01]} gxf4 {[%emt 0:00:02]} 40. Kd2 {[%emt 0:00:43]} Kb4 {[%emt 0:00:13]} 41. Kd3 {[%emt 0:00:01]} c5 {[%emt 0:00:06]} 42. c3+ {[%emt 0:00:04]} Kb3 {[%emt 0:00:01]} 0-1

[Event "RUS-ch Men Rapid 2019"]
[Site "Sochi"]
[Date "2019.10.15"]
[Round "5.30"]
[White "Zakhartsov, Vladimir"]
[Black "Chekletsov, Ilya"]
[Result "1-0"]
[WhiteElo "2527"]
[BlackElo "2377"]
[Annotator "ChessBase"]
[PlyCount "81"]
[EventDate "2019.10.15"]
[EventType "swiss"]
[EventCountry "RUS"]
[SourceTitle "playchess.com"]
[Source "ChessBase"]
[SourceQuality "1"]
[TimeControl "900+10"]

1. d4 {[%emt 0:00:00]} Nf6 {[%emt 0:00:00]} 2. c4 {[%emt 0:00:00]} e6 {[%emt 0:00:00]} 3. Nc3 {[%emt 0:00:00]} Bb4 {[%emt 0:00:00]} 4. Bd2 {[%emt 0:00:00]} b6 {[%emt 0:00:38]} 5. e3 {[%emt 0:00:00]} Bb7 {[%emt 0:00:02]} 6. Nf3 {[%emt 0:00:00]} O-O {[%emt 0:00:09]} 7. Bd3 {[%emt 0:00:00]} Bxc3 {[%emt 0:00:02]} 8. Bxc3 {[%emt 0:00:07]} Ne4 {[%emt 0:00:02]} 9. Rc1 {[%emt 0:00:32]} d6 {[%emt 0:00:50]} 10. O-O {[%emt 0:00:11]} Nd7 {[%emt 0:00:16]} 11. Bb4 {[%emt 0:00:12]} a5 {[%emt 0:01:18]} 12. Ba3 {[%emt 0:00:14]} f5 {[%emt 0:00:11]} 13. Nd2 {[%emt 0:00:14]} Nxd2 {[%emt 0:00:42]} 14. Qxd2 {[%emt 0:00:01]} Qh4 {[%emt 0:00:21]} 15. f3 {[%emt 0:00:16]} f4 {[%emt 0:00:20]} 16. c5 {[%emt 0:01:33]} bxc5 {[%emt 0:01:27]} 17. dxc5 {[%emt 0:00:02]} Ne5 {[%emt 0:03:00]} 18. cxd6 {[%emt 0:00:04]} Nxd3 {[%emt 0:00:42]} 19. Qxd3 {[%emt 0:00:07]} Ba6 {[%emt 0:00:01]} 20. Qe4 {[%emt 0:00:09]} Bxf1 {[%emt 0:00:18]} 21. dxc7 {[%emt 0:00:22]} Rfc8 {[%emt 0:00:18]} 22. Rxf1 {[%emt 0:00:58]} Qf6 {[%emt 0:00:06]} 23. exf4 {[%emt 0:00:17]} Ra7 {[%emt 0:01:00]} 24. Bd6 {[%emt 0:00:05]} Raxc7 {[%emt 0:00:02]} 25. Bxc7 {[%emt 0:00:07]} Rxc7 {[%emt 0:00:01]} 26. Qa8+ {[%emt 0:00:14]} Kf7 {[%emt 0:00:03]} 27. Qxa5 {[%emt 0:00:07]} Qd4+ {[%emt 0:00:04]} 28. Kh1 {[%emt 0:00:14]} Rc2 {[%emt 0:00:21]} 29. f5 {[%emt 0:00:22]} e5 {[%emt 0:00:21]} 30. h3 {[%emt 0:00:24]} Qxb2 {[%emt 0:00:40]} 31. Qd5+ {[%emt 0:00:08]} Kf6 {[%emt 0:00:10]} 32. Qe6+ {[%emt 0:01:03]} Kg5 {[%emt 0:00:02]} 33. Qe7+ {[%emt 0:01:05]} Kxf5 {[%emt 0:00:10]} 34. Qf7+ {[%emt 0:00:06]} Kg5 {[%emt 0:00:01]} 35. Qxg7+ {[%emt 0:00:20]} Kf5 {[%emt 0:00:01]} 36. Qf7+ {[%emt 0:01:02]} Kg5 {[%emt 0:00:03]} 37. f4+ {[%emt 0:00:21]} exf4 {[%emt 0:00:12]} 38. Qxf4+ {[%emt 0:00:02]} Kg6 {[%emt 0:00:07]} 39. Qf7+ {[%emt 0:00:04]} Kh6 {[%emt 0:00:54]} 40. Rf6+ {[%emt 0:00:03]} Kg5 {[%emt 0:00:02]} 41. Rf5+ {[%emt 0:00:02]} 1-0

[Event "RUS-ch Men Rapid 2019"]
[Site "Sochi"]
[Date "2019.10.15"]
[Round "5.31"]
[White "Lugovskoy, Maxim"]
[Black "Usmanov, Ilnur"]
[Result "1/2-1/2"]
[WhiteElo "2508"]
[BlackElo "2144"]
[Annotator "ChessBase"]
[PlyCount "43"]
[EventDate "2019.10.15"]
[EventType "swiss"]
[EventCountry "RUS"]
[SourceTitle "playchess.com"]
[Source "ChessBase"]
[SourceQuality "1"]
[TimeControl "900+10"]

1. e4 c6 2. d4 d5 3. Nc3 dxe4 4. Nxe4 Nf6 5. Ng3 e5 6. Qe2 Qxd4 7. Nf3 Qb6 8. Qxe5+ Be7 9. Be3 Nbd7 10. Qxe7+ Kxe7 11. Nf5+ Kf8 12. Bxb6 Nxb6 13. Nd6 Ne8 14. Nxc8 Rxc8 15. O-O-O f6 16. g3 Nc7 17. Nd4 g6 18. h4 Kf7 19. h5 Rcd8 20. c3 Ne6 21. Nxe6 Kxe6 {[%emt 0:11:04]} 22. Bd3 {[%emt 0:06:03]} 1/2-1/2

[Event "RUS-ch Men Rapid 2019"]
[Site "Sochi"]
[Date "2019.10.15"]
[Round "5.32"]
[White "Chos, Alexey"]
[Black "Smagin, Sergey"]
[Result "1-0"]
[WhiteElo "2296"]
[BlackElo "2551"]
[Annotator "ChessBase"]
[PlyCount "82"]
[EventDate "2019.10.15"]
[EventType "swiss"]
[EventCountry "RUS"]
[SourceTitle "playchess.com"]
[Source "ChessBase"]
[SourceQuality "1"]
[TimeControl "900+10"]

1. e4 e5 2. Nf3 Nc6 3. Bb5 a6 4. Ba4 Nf6 5. O-O Be7 6. Re1 b5 7. Bb3 d6 8. c3 O-O 9. h3 Nd7 10. d4 Bf6 11. Be3 Na5 12. Bc2 Nc4 13. Bc1 c5 14. d5 Ncb6 15. Nbd2 c4 16. Nf1 Nc5 17. Ne3 Be7 18. g4 g6 19. Kh2 Nbd7 20. Rg1 Nf6 21. Nd2 Kh8 22. b4 cxb3 23. axb3 Bd7 24. b4 Na4 25. Bxa4 bxa4 26. c4 Qb6 27. Rb1 Qd4 28. Qc2 Rfc8 29. Bb2 Qb6 30. c5 Qxb4 31. c6 Qb5 32. g5 Nh5 33. Bxe5+ dxe5 34. Rxb5 axb5 35. Qb2 Bd6 36. cxd7 Rcb8 37. Rc1 Nf4 38. Rc6 a3 39. Qa1 Bf8 40. Qxe5+ Bg7 41. Qxb8+ Bf8 1-0

[Event "RUS-ch Men Rapid 2019"]
[Site "Sochi"]
[Date "2019.10.16"]
[Round "6.1"]
[White "Timofeev, Artyom"]
[Black "Golubov, Saveliy"]
[Result "1/2-1/2"]
[WhiteElo "2595"]
[BlackElo "2469"]
[Annotator "TA"]
[PlyCount "141"]
[EventDate "2019.10.15"]
[EventType "swiss"]
[EventCountry "RUS"]
[SourceTitle "playchess.com"]
[Source "ChessBase"]
[SourceQuality "1"]

{[%evp 9,141,-22,-4,-30,-25,-18,-28,-17,-22,-28,-15,-24,0,-6,-13,-37,-40,-36,-36,-44,-31,-27,-1,-70,-18,-34,-30,-65,-64,-63,-61,-83,-59,-99,-94,-115,-111,-110,-49,-46,-41,-41,-18,-17,-11,-24,0,0,0,0,0,0,0,-36,-34,-62,-58,-54,-55,-47,-13,-4,0,0,0,-27,-27,-34,-35,-39,-35,-35,0,-40,-40,-41,-33,-31,-14,-12,-8,-29,-29,-29,-29,-29,-29,-29,-29,-29,-29,-29,-29,-29,-29,-29,-29,-29,-29,-29,-21,-21,-21,-70,-63,-78,-20,-20,0,0,0,0,0,0,0,0,0,0,0,0,0,0,0,0,0,0,0,0,0,0,0,0,0,0]} 1. c4 Nf6 2. Nc3 g6 3. e3 Bg7 4. Be2 (4. g4 h6 5. Bg2 c6 6. h4 d6 7. g5 hxg5 8. hxg5 Rxh1 9. Bxh1 Nh7 10. f4 e5 11. Qe2 Qe7 {½-½ (32) Rapport,R (2704)-Melkumyan,H (2655) Riga 2014}) 4... O-O 5. Bf3 Nc6 $146 ({Predecessor:} 5... e5 6. Nge2 Re8 7. d3 c6 8. e4 Na6 9. Bg5 h6 10. Be3 Nc7 11. Qb3 d6 {0-1 (29) Berechet,O (2199)-Lupulescu,C (2390) Bucharest 2000}) 6. d3 {A16: English Opening: 1...Nf6 with ...d5} d6 7. Bxc6 bxc6 8. Nge2 {Black has an edge.} e5 9. e4 d5 10. Bg5 Be6 11. cxd5 cxd5 12. Qd2 dxe4 13. dxe4 Qxd2+ 14. Kxd2 Ng4 15. Ke1 Rab8 16. Be7 ({White should play} 16. f3 $11) 16... Rfc8 ({Better is} 16... Rfe8 $15 17. Ba3 f5) 17. Ba3 Bf8 18. h3 Bxa3 19. bxa3 Nf6 20. Kd2 Ne8 21. Rab1 Nd6 22. Rxb8 Rxb8 23. Kc1 f5 (23... Nc4 $17 24. a4 f6) 24. exf5 $15 gxf5 25. f4 exf4 26. Nxf4 Bf7 27. Re1 Nb5 28. Nxb5 Rxb5 $11 {[%mdl 4096] Endgame KRB-KRN} 29. Re7 Rc5+ 30. Kb2 Kf8 31. Rd7 (31. Re2 {looks sharper.} Rb5+ 32. Ka1 Ra5 33. Kb2 Rb5+) 31... Ke8 32. Rd4 Rb5+ 33. Rb4 Rb6 34. Kc3 Ke7 35. Ra4 a6 36. Ra5 Bxa2 37. Rxf5 Rb3+ 38. Kd4 Rxa3 39. Rh5 Ra4+ 40. Ke3 Ra3+ 41. Kd2 Bg8 42. Rg5 Bf7 43. Rg7 a5 44. Rxh7 a4 45. Nd5+ Kf8 46. Nxc7 Ra1 {[#] White must now prevent ...a3.} 47. Nb5 a3 48. Nxa3 Rxa3 {KRB-KR} 49. g4 Be6 50. Ke2 Kg8 51. Rh6 Kf7 52. Kf2 Ke7 53. Kg2 Kd6 54. Rh5 Bd5+ 55. Kh2 Kc5 56. h4 Kd4 57. Rh8 Ke3 (57... Ke5 $17) 58. Rf8 {The position is equal.} Ra2+ 59. Kh3 Rg2 60. h5 Bf3 61. Rg8 Rg1 62. Kh4 Rh1+ 63. Kg5 {[#]} Bxg4 $1 {[%mdl 512]} 64. Kxg4 {KR-KR} Rg1+ 65. Kf5 Rxg8 {KR-KP} 66. h6 Rh8 67. Kg6 Ke4 68. Kg7 Ra8 69. h7 Ke5 70. h8=Q Rxh8 71. Kxh8 {Accuracy: White = 64%, Black = 49%.} 1/2-1/2

[Event "RUS-ch Men Rapid 2019"]
[Site "Sochi"]
[Date "2019.10.16"]
[Round "6.2"]
[White "Lysyj, Igor"]
[Black "Tsydypov, Zhamsaran"]
[Result "1/2-1/2"]
[WhiteElo "2596"]
[BlackElo "2553"]
[Annotator "ChessBase"]
[PlyCount "71"]
[EventDate "2019.10.15"]
[EventType "swiss"]
[EventCountry "RUS"]
[SourceTitle "playchess.com"]
[Source "ChessBase"]
[SourceQuality "1"]
[TimeControl "900+10"]

1. d4 {[%emt 0:00:00]} d5 {[%emt 0:00:15]} 2. c4 {[%emt 0:00:00]} c6 {[%emt 0:00:06]} 3. cxd5 {[%emt 0:00:00]} cxd5 {[%emt 0:00:03]} 4. Bf4 {[%emt 0:00:00]} Nc6 {[%emt 0:00:05]} 5. e3 {[%emt 0:00:00]} Nf6 {[%emt 0:00:21]} 6. Nc3 {[%emt 0:00:01]} a6 {[%emt 0:00:02]} 7. Rc1 {[%emt 0:00:11]} Bg4 {[%emt 0:02:23]} 8. f3 {[%emt 0:00:14]} Bd7 {[%emt 0:00:06]} 9. g4 {[%emt 0:00:10]} e6 {[%emt 0:00:14]} 10. Bd3 {[%emt 0:00:31]} Qb6 {[%emt 0:00:46]} 11. Nge2 {[%emt 0:01:12]} Rc8 {[%emt 0:00:29]} 12. Kf2 {[%emt 0:01:02]} Qxb2 {[%emt 0:03:07]} 13. Rb1 {[%emt 0:02:21]} Qa3 {[%emt 0:00:02]} 14. Rb3 {[%emt 0:00:02]} Qa5 {[%emt 0:00:04]} 15. Rxb7 {[%emt 0:00:01]} Nb4 {[%emt 0:00:01]} 16. Bb1 {[%emt 0:00:19]} Bc6 {[%emt 0:00:05]} 17. Rb8 {[%emt 0:00:09]} Rxb8 {[%emt 0:00:08]} 18. Bxb8 {[%emt 0:00:02]} Be7 {[%emt 0:00:21]} 19. Bf4 {[%emt 0:01:04]} Nd7 {[%emt 0:01:11]} 20. Qb3 {[%emt 0:00:30]} Ba8 {[%emt 0:00:50]} 21. Rc1 {[%emt 0:02:18]} O-O {[%emt 0:00:31]} 22. Nd1 {[%emt 0:00:50]} Qb6 {[%emt 0:01:39]} 23. Nb2 {[%emt 0:01:11]} e5 {[%emt 0:00:54]} 24. Na4 {[%emt 0:00:54]} Qb8 {[%emt 0:02:08]} 25. dxe5 {[%emt 0:00:34]} Nxe5 {[%emt 0:00:02]} 26. Kg2 {[%emt 0:01:45]} Bd6 {[%emt 0:01:00]} 27. Nd4 {[%emt 0:00:35]} Nc4 {[%emt 0:00:11]} 28. Bxd6 {[%emt 0:00:35]} Qxd6 {[%emt 0:00:01]} 29. Nf5 {[%emt 0:00:08]} Qb8 {[%emt 0:00:03]} 30. Qc3 {[%emt 0:00:36]} f6 {[%emt 0:00:02]} 31. Qd4 {[%emt 0:00:31]} g6 {[%emt 0:00:50]} 32. Ng3 {[%emt 0:01:18]} Qe8 {[%emt 0:00:56]} 33. Nc5 {[%emt 0:00:22]} Qf7 {[%emt 0:00:11]} 34. Bd3 {[%emt 0:00:24]} Nc6 {[%emt 0:00:08]} 35. Qxc4 {[%emt 0:00:03]} dxc4 {[%emt 0:00:16]} 36. Bxc4 {[%emt 0:00:01]} 1/2-1/2

[Event "RUS-ch Men Rapid 2019"]
[Site "Sochi"]
[Date "2019.10.16"]
[Round "6.3"]
[White "Yudin, Sergei"]
[Black "Shimanov, Aleksandr"]
[Result "0-1"]
[WhiteElo "2497"]
[BlackElo "2587"]
[Annotator "TA"]
[PlyCount "90"]
[EventDate "2019.10.15"]
[EventType "swiss"]
[EventCountry "RUS"]
[SourceTitle "playchess.com"]
[Source "ChessBase"]
[SourceQuality "1"]

{[%evp 11,90,21,45,14,25,0,0,0,0,0,0,-15,0,0,0,0,5,0,0,-10,39,15,22,0,0,-5,33,0,75,79,86,2,0,0,3,-30,-8,0,0,-16,-19,-14,-22,-12,-14,-28,-30,-66,-68,-58,-58,-113,-45,-68,-37,-43,-43,-62,-51,-48,0,-82,-77,-232,-141,-158,-158,-161,-160,-158,-148,-181,-135,-157,-162,-147,-150,-293,-289,-29988,-12839]} 1. e4 c6 2. d4 d5 3. exd5 cxd5 4. Bd3 Nc6 5. c3 Qc7 6. h3 g6 7. Nf3 {B13: Caro-Kann: Exchange Variation and Panov-Botvinnik Attack} Bf5 (7... Nf6 8. O-O Bf5 9. Re1 Bxd3 10. Qxd3 Bg7 11. Bg5 O-O 12. Nbd2 e6 13. Bxf6 Bxf6 14. Nb3 Bg7 15. Re2 Rab8 16. a3 b6 17. Rae1 Na5 18. Nc1 Nc4 19. Qc2 Qf4 20. Nd3 Qf5 21. Qd1 Rfc8 {½-½ (21) Anand,V (2764)-Nepomniachtchi,I (2775) Paris 2019}) 8. Be2 e6 $146 ({Predecessor:} 8... Bg7 9. Be3 Nf6 10. Nbd2 O-O 11. O-O Rad8 12. Re1 Rfe8 13. Bf1 Ne4 14. Qc1 Nd6 {1-0 (36) Santos Ruiz,M (2567)-Soham,K (2061) Abu Dhabi 2019}) 9. Nbd2 {[%cal Bb1d2,Bd2f1,Bf1e3][%mdl 32] The position is equal.} h5 10. Nf1 Bd6 11. Ne3 Be4 12. Ng5 Nf6 13. O-O Bh2+ 14. Kh1 Bf4 15. Nxe4 Nxe4 16. Bd3 O-O-O 17. Qf3 {Black must now prevent Nxd5!} Ng5 18. Qe2 f5 19. Nc2 h4 (19... Bxc1 $1 $11 {keeps the balance.} 20. Rfxc1 Kb8) 20. Bxf4 $16 Qxf4 21. b4 (21. f3 $16) 21... Kb8 $11 22. a4 Rhe8 23. Qd1 Rc8 24. f3 Ne7 {[%cal Bc6e7,Be7g8,Bg8f6][%mdl 32]} 25. Ra3 Ng8 26. Qc1 Qxc1 27. Rxc1 Nf6 28. Bf1 Nf7 29. Ne1 e5 30. dxe5 Nxe5 31. Rd1 {[#]} (31. Nc2 $15) 31... Re7 (31... Nc4 $1 $17 {[%cal Rc4a3]} 32. Bxc4 Rxc4) 32. Nc2 $15 Nc4 33. Bxc4 Rxc4 34. Rd2 Nh5 $36 {[%mdl 2048] Black is pushing.} 35. Kg1 Ng3 36. Kf2 (36. Rxd5 $11 f4 37. Rd1) 36... f4 37. Ne1 $2 (37. b5 $17) 37... Re3 {...d4 is the strong threat.} 38. Nd3 g5 39. b5 d4 40. cxd4 {intending Ra1.} Rxd4 41. a5 Rd5 42. b6 axb6 43. axb6 Rd6 44. Rda2 (44. Rb3 $17) 44... Rxb6 $19 45. Nc5 $2 {[#]} (45. Ra8+ $19 Kc7 46. Rc2+ Rc6 47. Rd2) 45... Rb1 $1 {[%mdl 512] Accuracy: White = 40%, Black = 66%.} 0-1

[Event "RUS-ch Men Rapid 2019"]
[Site "Sochi"]
[Date "2019.10.16"]
[Round "6.4"]
[White "Pridorozhni, Aleksei"]
[Black "Popov, Valerij"]
[Result "1/2-1/2"]
[WhiteElo "2599"]
[BlackElo "2535"]
[Annotator "ChessBase"]
[PlyCount "88"]
[EventDate "2019.10.15"]
[EventType "swiss"]
[EventCountry "RUS"]
[SourceTitle "playchess.com"]
[Source "ChessBase"]
[SourceQuality "1"]
[TimeControl "900+10"]

1. e4 {[%emt 0:00:00]} e5 {[%emt 0:00:00]} 2. Bc4 {[%emt 0:00:11]} Nf6 {[%emt 0:00:07]} 3. d3 {[%emt 0:00:02]} c6 {[%emt 0:00:54]} 4. Nf3 {[%emt 0:00:03]} d5 {[%emt 0:00:02]} 5. Bb3 {[%emt 0:00:01]} Bd6 {[%emt 0:00:02]} 6. Nc3 {[%emt 0:00:06]} d4 {[%emt 0:02:30]} 7. Ne2 {[%emt 0:00:04]} O-O {[%emt 0:00:18]} 8. O-O {[%emt 0:00:05]} c5 {[%emt 0:00:16]} 9. Ng3 {[%emt 0:00:34]} Nc6 {[%emt 0:00:13]} 10. Nf5 {[%emt 0:01:14]} Be6 {[%emt 0:05:24]} 11. Ng5 {[%emt 0:01:01]} Bxb3 {[%emt 0:00:39]} 12. axb3 {[%emt 0:00:02]} h6 {[%emt 0:00:03]} 13. Nh3 {[%emt 0:00:06]} Kh7 {[%emt 0:01:24]} 14. Bd2 {[%emt 0:01:07]} Bc7 {[%emt 0:00:09]} 15. Qc1 {[%emt 0:01:32]} Ng8 {[%emt 0:00:13]} 16. f4 {[%emt 0:00:03]} g6 {[%emt 0:00:35]} 17. Ng3 {[%emt 0:00:04]} exf4 {[%emt 0:00:05]} 18. Bxf4 {[%emt 0:00:22]} Ne5 {[%emt 0:01:03]} 19. Nf2 {[%emt 0:00:23]} Qh4 {[%emt 0:00:17]} 20. Ne2 {[%emt 0:00:06]} a5 {[%emt 0:00:37]} 21. Bg3 {[%emt 0:00:03]} Qg5 {[%emt 0:00:36]} 22. Nf4 {[%emt 0:00:11]} Qd8 {[%emt 0:00:26]} 23. Nd5 {[%emt 0:00:12]} Bd6 {[%emt 0:00:01]} 24. Qd1 {[%emt 0:00:13]} Ra6 {[%emt 0:00:15]} 25. Ng4 {[%emt 0:00:37]} Nxg4 {[%emt 0:00:07]} 26. Qxg4 {[%emt 0:00:02]} Bxg3 {[%emt 0:00:31]} 27. Qxg3 {[%emt 0:00:02]} f5 {[%emt 0:00:37]} 28. Qc7+ {[%emt 0:02:04]} Qxc7 {[%emt 0:00:15]} 29. Nxc7 {[%emt 0:00:02]} Rc6 {[%emt 0:00:12]} 30. Nd5 {[%emt 0:00:06]} b6 {[%emt 0:00:37]} 31. exf5 {[%emt 0:00:03]} Rxf5 {[%emt 0:00:04]} 32. Rxf5 gxf5 33. Re1 {[%emt 0:00:05]} Rd6 {[%emt 0:00:18]} 34. Nf4 {[%emt 0:00:10]} Kg7 {[%emt 0:00:14]} 35. Re8 {[%emt 0:00:05]} Kf7 {[%emt 0:00:08]} 36. Rb8 {[%emt 0:00:08]} Ne7 {[%emt 0:00:02]} 37. Kf2 {[%emt 0:00:27]} Kf6 {[%emt 0:00:28]} 38. g3 {[%emt 0:00:14]} Kf7 {[%emt 0:00:01]} 39. Rb7 {[%emt 0:00:14]} Kf6 {[%emt 0:00:04]} 40. h4 {[%emt 0:00:04]} Kf7 {[%emt 0:00:08]} 41. h5 {[%emt 0:00:56]} Kf6 {[%emt 0:00:03]} 42. Kf3 {[%emt 0:00:05]} Nc6 {[%emt 0:00:47]} 43. Rh7 {[%emt 0:02:26]} Ne5+ {[%emt 0:00:04]} 44. Ke2 {[%emt 0:00:15]} Nf7 {[%emt 0:00:01]} 1/2-1/2